Niektoré problémy implementácie európskych noriem v železničnej doprave

Budovanie železničných koridorov v súlade s európskymi normami. Európske normalizačné organizácie - CEN, CENELEC, ETSI. Organizačná a technická štruktúra CEN. Podmienky vstupu do CEN. Spoluúčasť pri tvorbe európskych noriem. Vytváranie zrkadlovej štruktúry európskej normalizácie na národnej úrovni.

Salvato in:
Dettagli Bibliografici
Autore principale: Tomášiková, Eva
Natura: Capitolo di libro
Lingua:slovacco
Soggetti:
Tags: Aggiungi Tag
Nessun Tag, puoi essere il primo ad aggiungerne!!

MARC

LEADER 00000naa a2200000 4500
001 r043583
005 20230825084627.0
041 0 |a slo 
044 |a SK 
245 1 0 |a Niektoré problémy implementácie európskych noriem v železničnej doprave  |c Eva Tomášiková 
520 |a Budovanie železničných koridorov v súlade s európskymi normami. Európske normalizačné organizácie - CEN, CENELEC, ETSI. Organizačná a technická štruktúra CEN. Podmienky vstupu do CEN. Spoluúčasť pri tvorbe európskych noriem. Vytváranie zrkadlovej štruktúry európskej normalizácie na národnej úrovni. 
610 2 0 |a doprava železničná 
610 2 0 |a normalizácia 
610 2 0 |a normy technické 
610 2 0 |a normy kvality 
610 2 0 |a normy národné 
610 2 0 |a normy medzinárodné 
610 2 0 |a CEN 
610 2 0 |a Európska únia 
610 2 0 |a Slovensko 
100 1 |a Tomášiková, Eva